| 000 | 00639nam a22001817a 4500 | ||
|---|---|---|---|
| 999 |
_c58725 _d58725 |
||
| 005 | 20220708105843.0 | ||
| 008 | 220708s1982en xxu||||| |||| 00| 0 eng d | ||
| 020 | _a9781468493290 | ||
| 080 | _a512.22 B-87 | ||
| 100 |
_a Brown, S Kenneth _914322 |
||
| 245 |
_a Graduate texts in mathematics: _bCohomology of Groups (Graduate Texts in Mathematics, No. 87) / _cKenneth S. Brown |
||
| 264 |
_aNew York: _bSpringer, _c1982. |
||
| 300 |
_a309 p.: _b23 cm. |
||
| 653 | _a Graduate texts in mathematics | ||
| 653 | _aტექსტები მათემატიკაში | ||
| 653 | _aმათემატიკა | ||
| 942 |
_2udc _cBK |
||